Terapia de pareja e infidelidad : un modelo de diagnóstico relacional e intervención terapéutica desde la perspectiva sistémica /
Contiene: I. La terapia de pareja: el qué y el cómo. 1) Qué significa ser una pareja; 2) El diagnóstico relacional: qué les pasa; 3) La construcción del sistema terapéutico I; 4) La construcción del sistema terapéutico II. II. La infidelidad en la pareja. 5) Qué es la infidelidad; 6) Factores facili...
Gespeichert in:
| 1. Verfasser: | |
|---|---|
| Weitere Verfasser: | , , |
| Format: | Buch |
| Sprache: | Spanisch |
| Veröffentlicht: |
Madrid, España :
Morata,
2022, c2022
|
| Schriftenreihe: | (Terapia Familiar Iberoamericana ;
16) |
| Schlagworte: | |
| Online-Zugang: | Ver documento en línea |
| Tags: |
Keine Tags, Fügen Sie das erste Tag hinzu!
|
MARC
| LEADER | 00000nam^a2200000^a^4500 | ||
|---|---|---|---|
| 001 | 000593958 | ||
| 005 | 20251023000000.0 | ||
| 009 | 20260310133018.222 | ||
| 020 | |a 978-84-19287-06-9 | ||
| 037 | |a Acervo ITESO - Biblioteca | ||
| 041 | |a ESP | ||
| 082 | |a 616. 89156 |b CAM | ||
| 100 | |a Campo, Carmen |e (autor) | ||
| 245 | 1 | 0 | |a Terapia de pareja e infidelidad : |b un modelo de diagnóstico relacional e intervención terapéutica desde la perspectiva sistémica / |c C. Campo, M. Ramo ; pról. de R. Pereira, J.L. Linares. |
| 264 | 4 | |a Madrid, España : |b Morata, |c 2022, c2022 | |
| 264 | 2 | |a Birmingham, EUA : |b EBSCOhost [distribución], |c 2025 | |
| 300 | |a 1 libro electrónico en línea (1 v. sin paginación) | ||
| 300 | |a 1 recurso en línea | ||
| 336 | |a datos para computadora |b cod |2 rdacontenido | ||
| 337 | |a computadora |b c |2 rdamedio | ||
| 338 | |a recurso en línea |b cr |2 rdasoporte | ||
| 440 | 1 | |a (Terapia Familiar Iberoamericana ; |v 16) | |
| 506 | 1 | |a 3 licencias | |
| 520 | |a Contiene: I. La terapia de pareja: el qué y el cómo. 1) Qué significa ser una pareja; 2) El diagnóstico relacional: qué les pasa; 3) La construcción del sistema terapéutico I; 4) La construcción del sistema terapéutico II. II. La infidelidad en la pareja. 5) Qué es la infidelidad; 6) Factores facilitadores de la infidelidad; 7) Las consecuencias de la infidelidad; 8) Intervenciones terapéuticas específicas en la infidelidad; 9) Cuando todo se confabula en contra. | ||
| 521 | |a Peticiones 2025 | ||
| 649 | |a XX | ||
| 650 | |a Infidelidad - |x Tema Principal | ||
| 650 | |a Relaciones de Pareja | ||
| 650 | |a Psicoterapia de Pareja - |x Tema Principal | ||
| 650 | |a Psicoterapia | ||
| 650 | |a Psicología Clínica | ||
| 650 | |a Psicología | ||
| 700 | |a Ramo, Marta |e (autor) | ||
| 700 | |a Pereira, Roberto |e (prólogo) | ||
| 700 | |a Linares, Juan Luis |e (prólogo) | ||
| 856 | 4 | 0 | |u https://ezproxy.iteso.mx/login?url=https://search.ebscohost.com/login.aspx?direct=true&scope=site&db=nlebk&db=nlabk&AN=3320570 |y Ver documento en línea |
| 910 | |a Fondo General | ||
| 920 | |a Electrónicos - Libros en Línea | ||
| 930 | |a Plataforma Digital | ||
| 905 | |a 205 | ||
| 901 | |a 593958-1 |b IT2 |c EBO |i C |u 20250521 | ||
| 901 | |a 593958-2 |b IT2 |c EBO |i C |u 20250521 | ||
| 901 | |a 593958-3 |b IT2 |c EBO |i C |u 20250521 | ||
| 902 | |a https://opac.biblio.iteso.mx/vufind/Record/000593958 | ||